Gia đình

Kaydedildi:
Detaylı Bibliyografya
Yazar: Khái Hưng
Materyal Türü: Kitap
Dil:Vietnamese
Baskı/Yayın Bilgisi: H. Nxb. Văn học 1995
Konular:
Etiketler: Etiketle
Etiket eklenmemiş, İlk siz ekleyin!
Thư viện lưu trữ: Mạng thư viện Đại học Đà Nẵng
LEADER 00933nam a2200301 4500
001 000014752
003 11122
005 20120514090539.0
008 120514s1995 viesd
020 |c 11000đ 
041 0 |a vie 
082 |a 895.922332  |b KH-H 
100 0 |a Khái Hưng 
245 0 |a Gia đình  |c Khái Hưng 
260 |a H.  |b Nxb. Văn học  |c 1995 
300 |a 329tr.  |c 16 cm 
653 |a văn học hiện đại 
653 |a tự lực văn đoàn 
OWN |a LSP 
AVA |a UDN50  |b LSP  |d 895.922332 KH-H  |e available  |t Error 5001 Not defined in file expand_doc_bib_avail.  |f 1  |g 0  |h N  |i 0  |k 1 
999 |a From the UDN01 
AVA |a UDN50  |b LSP  |d 895.922332 KH-H  |e available  |t Error 5001 Not defined in file expand_doc_bib_avail.  |f 1  |g 0  |h N  |i 0  |k 1 
TYP |a Monograph 
TYP |a Printed language 
980 |a Mạng thư viện Đại học Đà Nẵng